Downton Abbey : quinta temporada completa = Downton Abbey : Series Five /

Serie televisiva que narra la vida cotidiana de una aristocrática familia y sus amigos, así como sus relaciones con sus sirvientes, en un rústico condado inglés en los años anteriores a la Primera Guerra Mundial, desde el día del hundimiento del Titanic hasta mediados de la década de 1920. La histor...

ver descrição completa

Na minha lista:
Detalhes bibliográficos
Autor principal: Fellowes, Julian (idea original)
Outros Autores: Fellowes, Julian (producción ejecutiva) (producción ejecutiva), Neame, Gareth (producción ejecutiva) (producción ejecutiva), Morshead, Catherine (realización) (realización), Fellowes, Julian (guión) (guión), Bonneville, Hugh (actuación) (actuación), Carmichael, Laura (actuación) (actuación), Smith, Maggie (actuación) (actuación)
Formato: Slides
Idioma:inglês
Publicado em: Universal City, EUA : Universal Pictures [distribución], 2015, c2015
Assuntos:
Tags: Adicionar Tag
Sem tags, seja o primeiro a adicionar uma tag!

MARC

LEADER 00000ngm^a2200000^a^4500
001 000358678
005 20250521000000.0
009 20260310115335.095
037 |a Acervo ITESO - Biblioteca 
041 |a ING 
082 |a 942. 083  |b FEL S. 5 
100 |a Fellowes, Julian  |e (idea original) 
240 1 1 |a [Downton Abbey] 
245 1 0 |a Downton Abbey :  |b quinta temporada completa = Downton Abbey : Series Five /  |c Idea original de J. Fellowes ; prod. ejecutiva de J. Fellowes, G. Neame ; realización de C. Morshead... [et al.] ; guión de J. Fellowes. 
264 4 |a Universal City, EUA :  |b Universal Pictures [distribución],  |c 2015, c2015 
300 |a 4 DVDs región 4  |c (583 min.) 
336 |a imagen móvil bidimensional  |b tdi  |2 rdacontenido 
337 |a video  |b v  |2 rdamedio 
338 |a videodisco  |b vd  |2 rdasoporte 
520 |a Serie televisiva que narra la vida cotidiana de una aristocrática familia y sus amigos, así como sus relaciones con sus sirvientes, en un rústico condado inglés en los años anteriores a la Primera Guerra Mundial, desde el día del hundimiento del Titanic hasta mediados de la década de 1920. La historia tiene como eje los vaivenes de la familia ante la rigidez de las leyes de sucesión en la tenencia de la tierra, en el marco de los cambios sociales y políticos de la época. 
546 |a En inglés, con subtítulos opcionales: español, inglés, portugués 
546 |a Doblaje opcional: español, portugués 
649 |a XX 
650 |a Aristocracia -  |z Inglaterra -  |x Tema Principal 
650 |a Nobleza -  |z Inglaterra 
650 |a Clases Sociales -  |z Inglaterra 
650 |a Series de Televisión 
650 |a Series Dramáticas 
650 |a Series Históricas 
650 |a Televisión Inglesa -  |y 2010-2019 
650 |a Televisión Inglesa -  |y Siglo XXI 
650 |a Estatus Social -  |z Inglaterra -  |x Tema Principal 
650 |a Movilidad Social -  |z Inglaterra 
650 |a Herencia y Sucesión -  |z Inglaterra 
650 |a Relaciones Empleado-Empleador -  |z Inglaterra 
650 |a Prácticas Culturales -  |z Inglaterra 
650 |a Poder (Ciencias Sociales) 
650 |a Inglaterra -  |x Historia -  |y Jorge V, 1910-1936 -  |x Tema Principal 
650 |a Inglaterra -  |x Historia -  |y Siglo XX 
650 |a Inglaterra -  |x Historia -  |y Período Victoriano y Casa de Windsor, 1837 en Adelante 
700 |a Fellowes, Julian  |e (producción ejecutiva) 
700 |a Neame, Gareth  |e (producción ejecutiva) 
700 |a Morshead, Catherine  |e (realización) 
700 |a Fellowes, Julian  |e (guión) 
700 |a Bonneville, Hugh  |e (actuación) 
700 |a Carmichael, Laura  |e (actuación) 
700 |a Smith, Maggie  |e (actuación) 
910 |a Fondo General 
920 |a Audiovisuales - DVDs 
905 |a 302 
901 |a 0500251561  |b IT2  |c DVS  |i C147661  |u 20250521 
901 |a 0500251564  |b IT2  |c DVS  |i C147661  |u 20250521 
901 |a 0500251567  |b IT2  |c DVS  |i C147661  |u 20250521 
901 |a 0500251570  |b IT2  |c DVS  |i C147661  |u 20250521 
902 |a https://opac.biblio.iteso.mx/vufind/Record/000358678